Statistics for Σημαίες χωρών που αρχίζουν με Ο

Click here to take the quiz!

General Stats

  • This quiz has been taken 13 times
  • The average score is 6 of 7

Answer Stats

Answer% Correct
Ομάν
100%
Ουρουγουάη
100%
Ουγκάντα
90%
Ονδούρα
90%
Ουζμπεκιστάν
80%
Ουκρανία
70%
Ουγγαρία
60%

Score Distribution

Percentile by Number Answered

Percent of People with Each Score

Your Score History

You have not taken this quiz